Kraje, które graniczą z krajami graniczącymi z Francją. - Statystyki

Ogólne statystyki
  • Ten quiz został rozwiązany 26 razy
  • Średni wynik to 13 z 18
Statystyki odpowiedzi
Państwo % Poprawnych
Austria
92%
Polska
92%
Portugalia
92%
Holandia
88%
Czechy
83%
Dania
83%
Liechtenstein
83%
San marino
79%
Watykan
75%
Słowenia
71%
Gujana
67%
Wenezuela
67%
Peru
63%
Argentyna
58%
Kolumbia
54%
Urugwaj
54%
Paragwaj
50%
Boliwia
46%
Nie znaleziono quizów pasujących do podanych kryteriów
Rozkład punktacji
Procent ludzi z każdym wynikiem
Percentyl według liczby udzielonych odpowiedzi
Twoja historia wyników
Nie rozwiązałeś tego quizu